Veterinary Ethics

Bewaard in:
Bibliografische gegevens
Hoofdauteur: Jerrold Tannenbaum
Formaat: Boek
Taal:Undetermined
Gepubliceerd in: Baltimore Williams and Williams 1989
Onderwerpen:
Tags: Voeg label toe
Geen labels, Wees de eerste die dit record labelt!
Thư viện lưu trữ: Trung tâm Học liệu Trường Đại học Cần Thơ
LEADER 00556nam a2200181Ia 4500
001 CTU_30123
008 210402s9999 xx 000 0 und d
082 |a 174.9636 
082 |b T166 
100 |a Jerrold Tannenbaum 
245 0 |a Veterinary Ethics 
245 0 |c Jerrold Tannenbaum 
260 |a Baltimore 
260 |b Williams and Williams 
260 |c 1989 
650 |a animals treatment of,veterinarians professional ethics,veterinary medicine - ethical aspects 
904 |i Lan, 990307 
980 |a Trung tâm Học liệu Trường Đại học Cần Thơ